Menová politika ECB v čase hospodárskej krízy

Finančná kríza a neštandardné situácie na finančnom trhu. Odlišné nástroje menovej politiky najdôležitejších centrálnych bánk sveta, FEDu a Európskej centrálnej banky. Štruktúra ekonomiky i finančných trhov oboch ekonomických zón. Menová politika a primárne ciele ECB.

Gespeichert in:
Bibliographische Detailangaben
1. Verfasser: Lennerová, Ivana, 1979-
Format: Buchkapitel
Sprache:Slowakisch
Schlagworte:
Tags: Tag hinzufügen
Keine Tags, Fügen Sie das erste Tag hinzu!

MARC

LEADER 00000nla$a2200000$$$4500
001 0116924
005 20240502072314.2
041 0 |a slo 
044 |a SK 
245 1 0 |a Menová politika ECB v čase hospodárskej krízy  |c Ivana Lennerová 
520 |a Finančná kríza a neštandardné situácie na finančnom trhu. Odlišné nástroje menovej politiky najdôležitejších centrálnych bánk sveta, FEDu a Európskej centrálnej banky. Štruktúra ekonomiky i finančných trhov oboch ekonomických zón. Menová politika a primárne ciele ECB. 
610 2 0 |a politika menová 
610 2 0 |a nástroje politiky menovej 
610 2 0 |a stratégia menová 
610 2 0 |a štruktúra ekonomická 
610 2 0 |a trh finančný 
610 2 0 |a kríza finančná 
610 2 0 |a kríza hospodárska 
610 2 0 |a banky centrálne 
610 2 0 |a Európska centrálna banka 
610 2 0 |a FED 
100 1 |a Lennerová, Ivana, 1979-